000 00520nam a2200181 i 4500
001 63025
003 ES-MaACL
005 20230906164753.0
007 t|
008 031127s1980 sp |||| | spa d
100 1 _aFernández Pérez, Alejo.
_949992
245 1 0 _aSistemas de medidas en física y conversión de unidades /
_cAlejo Fernández Pérez.
250 _a4ª ed.
260 _aMadrid :
_bEverest,
_c1980.
300 _a166 p. ;
_c13 cm.
650 4 _aMedidas físicas.
_9169894
852 _aES-MaACL
_jC-48730
999 _c63025
_d63025